header

From Texas to the world and back (Record no. 3414)

MARC details
000 -LEADER
fixed length control field 01546nam a2200337 a 4500
082 04 - DEWEY DECIMAL CLASSIFICATION NUMBER
Classification number 813/.52
-- B
245 00 - TITLE STATEMENT
Title From Texas to the world and back
260 ## - PUBLICATION, DISTRIBUTION, ETC. (IMPRINT)
Place of publication Fort Worth :
Name of publisher TCU Press,
Year of publication c2001.
300 ## - PHYSICAL DESCRIPTION
Number of Pages xiii, 249 p. :
Other physical details ill.
500 ## - GENERAL NOTE
General note "Sixteen essays first presented at a May 15, 1998 conference ... at Southwest Texas State University and held in San Marcos"--Introd.
650 #0 - SUBJECT ADDED ENTRY--TOPICAL TERM
Topical Term Authors, American
Topical Term Women and literature
700 1# - ADDED ENTRY--PERSONAL NAME
Personal name Busby, Mark.
Personal name Heaberlin, Dick.
856 40 - ELECTRONIC LOCATION AND ACCESS
Uniform Resource Identifier http://site.ebrary.com/lib/rucke/Doc?id=10005708

No items available.

© 2026 Rongo University
Contact us: librarian | system librarian | Rongo university